Herramientas de torno: denominación, descripción, clasificación y empleo. Tendencias constructivas, principios operativos y generalidades aplicativas. Teorías del corte y del desgaste. Normalización de ángulos, metales de corte

Uloženo v:
Podrobná bibliografie
Hlavní autor: Santelli, Oscar Antonio (Autor)
Médium: Kniha
Jazyk:španělština
Vydáno: Buenos Aires Alsina 1956
Témata:
Tagy: Přidat tag
Žádné tagy, Buďte první, kdo vytvoří štítek k tomuto záznamu!

MARC

LEADER 00000nam a2200000 a 4500
001 UCP1788
003 CL-VaPUC
008 990426e19560000AG |||||||||||||||||spa|d
082 0 4 |a 621.942  |b SAN  |2 21 
100 0 |a Santelli, Oscar Antonio  |e author  |9 428059 
245 1 0 |a Herramientas de torno: denominación, descripción, clasificación y empleo. Tendencias constructivas, principios operativos y generalidades aplicativas. Teorías del corte y del desgaste. Normalización de ángulos, metales de corte 
300 |a 412 p 
942 |c BK 
945 |d 19990426 00:00:00  |a cmena 
260 |a Buenos Aires  |b Alsina  |c 1956 
650 0 |a Máquinas herramientas  |9 262583 
650 7 |a HERRAMIENTAS  |2 CL-VaPUC  |9 263987 
650 7 |a TORNOS  |2 CL-VaPUC  |9 428060 
650 7 |a HERRAMIENTAS DE CORTE  |2 CL-VaPUC  |9 428061 
650 7 |a ELEMENTOS DE MAQUINAS  |2 CL-VaPUC  |9 428062 
650 0 |a Diseño de máquinas   |9 271533 
650 7 |a CONSTRUCCION DE MAQUINAS  |2 CL-VaPUC  |9 428063 
583 |a last modification  |c 19990426 00:00:00  |k Rodrigo Vera 
999 |c 280426  |d 280424 
952 |0 0  |1 0  |4 0  |6 621_942000000000000_SAN_1956  |7 0  |8 A  |9 320719  |a BIBMEC  |b BIBMEC  |d 2019-11-20  |i 1342282  |o 621.942 SAN 1956  |p 1342282  |r 2024-01-19  |w 2019-11-20  |y BK  |k MEC